LEADER 01189nam0 22003253i 450 001 RAV0027282 005 20231121125624.0 100 $a20120713d1984 ||||0itac50 ba 101 | $aita 102 $ait 181 1$6z01$ai $bxxxe 182 1$6z01$an 200 1 $aAtlante delle risorse 210 $aNovara$cDe Agostini$d[1984] 215 $a207 p.$cill.$d37 cm 300 $aTit. orig.: Atlas of the Earth Resources 300 $aTrad. di Alma Abate e Evellyse De Luca Vannello. 500 11$aAtlas of earth resources. -$3RAV0027283$93615121 606 $aRISORSE NATURALI$xAtlanti$2FIR$3RAVC004607$9I 676 $a912.1$9RAPPRESENTAZIONI GRAFICHE DELLA SUPERFICIE TERRESTRE E DEI M$v20 702 1$aAbate$b, Alma$3RAVV015828 702 1$aDe Luca Vannello$b, Evelyse$3RAVV015829 801 3$aIT$bIT-01$c20120713 850 $aIT-FR0017 899 $aBiblioteca umanistica Giorgio Aprea$bFR0017 912 $aRAV0027282 950 0$aBiblioteca umanistica Giorgio Aprea$d 52S.L. 912 CAR.DEA.$e 52MAG0000156585 VMB RS $fB $h20120713$i20120713 977 $a 52 996 $aAtlas of earth resources$93615121 997 $aUNICAS